| 000 | 00513nam a2200169 i 4500 | ||
|---|---|---|---|
| 001 | 25395 | ||
| 003 | ES-MaACL | ||
| 005 | 20230906153245.0 | ||
| 007 | t| | ||
| 008 | 021226s1947 pe ||||1| spa d | ||
| 100 | 1 |
_aArguedas, José María. _922708 |
|
| 245 | 1 | 0 |
_aCusco / _cpor José María Arguedas. |
| 260 |
_aLima : _b[Corporación Nacional de Turismo, _c1947] ( _fScheuch) |
||
| 300 |
_a20 h. : _bil. ; _c24 cm. |
||
| 710 | 2 |
_aCorporación Nacional de Turismo. _93309 |
|
| 852 |
_aES-MaACL _j1720-F-8 _bR.26651 |
||
| 999 |
_c25395 _d25395 |
||